Guide For SSC CGL Tier-2 Examination: (Record no. 183163)

MARC details
000 -LEADER
fixed length control field 00631 a2200193 4500
005 - DATE AND TIME OF LATEST TRANSACTION
control field 20211217155109.0
010 ## - LCCN (DPL NO)
LC control number ENG-130400
020 ## - INTERNATIONAL STANDARD BOOK NUMBER
International Standard Book Number 978-93-86720-37-5
Terms of availability 999.00
035 ## - SYSTEM CONTROL NUMBER
System control number EN-113932
037 ## - SOURCE OF ACQUISITION
Source of stock number/acquisition DBAD/PUB
082 ## - DEWEY DECIMAL CLASSIFICATION NUMBER
Classification number 000
Item number 1
245 ## - TITLE STATEMENT
Title Guide For SSC CGL Tier-2 Examination:
Statement of responsibility, etc Edited by Manoj Sharma
250 ## - EDITION STATEMENT
Edition statement 2019
260 ## - PUBLICATION, DISTRIBUTION, ETC. (IMPRINT)
Place of publication, distribution, etc Ghaziabad, UP
Name of publisher, distributor, etc Rathore Publisher & Distributors
Date of publication, distribution, etc 2019
270 ## - ADDRESS
Address Basement, 260, Shaktikhand-III, Indirapuram,
City Ghaziabad
Postal code 201010
Electronic mail address rathorepublisher@gmail.com
300 ## - PHYSICAL DESCRIPTION
Extent 129p.
Dimensions 24cm (pbk)
700 ## - ADDED ENTRY--PERSONAL NAME
Personal name Sharma, Manoj
942 ## - ADDED ENTRY ELEMENTS (KOHA)
Institution code [OBSOLETE] dpl
Item type English Books
Source of classification or shelving scheme Dewey Decimal Classification
Classification part 000
Call number suffix SSC
Holdings
Withdrawn status Lost status Not for loan Collection code Home library Current library Date acquired Source of acquisition Cost, normal purchase price Full call number Barcode Copy number Cost, replacement price Koha item type
      Non-fiction Patel Nagar Patel Nagar 17/12/2021 DBAD/PUB 999.00 000 SSC EN-113932 1 999.00 English Books

© Delhi Public Library
Hit Counter
free hit counter